Inventario uno : poesía completa (1950-1985) /
Guardado en:
| Autor Principal: | |
|---|---|
| Formato: | Libro |
| Publicado: |
Buenos Aires :
Seix Barral,
1993
|
| Series: | Biblioteca Mario Benedetti
|
| Materias: | |
| Etiquetas: |
Agregar Etiqueta
Sin Etiquetas, Sea el primero en etiquetar este registro!
|
| LEADER | 01082nam a22002295a 4500 | ||
|---|---|---|---|
| 001 | CEM.cems009065 | ||
| 005 | 20080428130652.0 | ||
| 008 | 130507s1993##################000#0#####d | ||
| 003 | CEMS | ||
| 020 | |a 9507310665 | ||
| 082 | 0 | 4 | |a U861.4 |
| 100 | 1 | |a Benedetti, Mario | |
| 245 | 1 | 0 | |a Inventario uno : |b poesía completa (1950-1985) / |c Mario Benedetti |
| 260 | |a Buenos Aires : |b Seix Barral, |c 1993 | ||
| 300 | |a 607 p. | ||
| 490 | 0 | |a Biblioteca Mario Benedetti | |
| 505 | 0 | |a Geografías (1982-1984) -- Viento del exilio (1980-1981) -- Cotidianas (1978-1979) -- La casa y el ladrillo (1976-1977) -- Poemas de otros (1973-1974) -- Quemar las naves (1968-1969) -- A ras de sueño (1967) -- Contra los puentes levadizos (1965-1966) -- Próximo prójimo (1964-1965) -- Letras de emergencia (1969-1973) -- Noción de patria (1962-1963) -- Poemas del hoyporhoy (1958-1961) -- Poemas de la oficina (1953-1956) | |
| 653 | |a Literatura | ||
| 653 | |a Literatura uruguaya | ||
| 653 | |a Poesías | ||
| 653 | |a Poesía uruguaya | ||
| 859 | |a CEMS |b BIB. CEMS - 11 de abril |h U861.4 |i B434-1 |p 18690.95 |t Ej.1 |v 1 |3 1 | ||
